[Event "FICGS rapid E 000139 email"]
[Site "FICGS email"]
[Date "2014.11.16"]
[Round "1"]
[White "Leurette, Marc Antoine"]
[Black "Cavaille, Cedric"]
[Result "1-0"]
[WhiteElo "1185"]
[BlackElo "1102"]
[PlyCount "111"]
[EventDate "2014.??.??"]
[EventType "tourn (rapid)"]
[EventRounds "6"]
[SourceTitle "Corr 2022"]
[Source "ChessBase"]
[SourceDate "2021.10.24"]
[SourceVersion "1"]
[SourceVersionDate "2021.10.24"]
[SourceQuality "1"]

1. e4 c5 2. Nc3 e6 3. g3 b6 4. Bg2 Bb7 5. d3 Be7 6. Nge2 d6 7. Be3 Nf6 8. Qd2 Nc6 9. a3 Qc7 10. 0-0-0 h6 11. d4 Ng4 12. d5 Nxe3 13. Qxe3 Bg5 14. f4 Bxf4 15. Nxf4 Nd4 16. g4 g5 17. Nh5 0-0-0 18. h4 gxh4 19. Rxh4 Rdf8 20. g5 Qe7 21. Nf6 hxg5 22. Qxg5 Rxh4 23. Qxh4 Qd8 24. Bh3 Kc7 25. Qh6 Rh8 26. Qg7 Qf8 27. Qxf8 Rxf8 28. Bg4 Bc8 29. b3 e5 30. Bxc8 Rxc8 31. Rg1 Kd8 32. Rg8+ Kc7 33. a4 Rxg8 34. Nxg8 f5 35. exf5 Nxf5 36. Ne4 a6 37. c4 b5 38. Ngf6 bxc4 39. bxc4 Kb6 40. Nxd6 Ka5 41. Nxf5 Kxa4 42. d6 a5 43. d7 Kb3 44. d8Q a4 45. Qa5 a3 46. Qb5+ Kc3 47. Kb1 Kd3 48. Ka2 e4 49. Qxc5 e3 50. Qxe3+ Kxc4 51. Kxa3 Kb5 52. Qc1 Kb6 53. Nd5+ Kb7 54. Nd6+ Kb8 55. Qb1+ Ka7 56. Qb7# 1-0

[Event "FICGS W-ch st1 g05 email"]
[Site "FICGS email"]
[Date "2014.11.01"]
[Round "1"]
[White "Cavaille, Cedric"]
[Black "Laine, Jari"]
[Result "0-1"]
[WhiteElo "1102"]
[BlackElo "1534"]
[PlyCount "90"]
[EventDate "2014.??.??"]
[EventType "tourn (corr)"]
[EventRounds "8"]
[SourceTitle "Corr 2022"]
[Source "ChessBase"]
[SourceDate "2021.10.24"]
[SourceVersion "1"]
[SourceVersionDate "2021.10.24"]
[SourceQuality "1"]

1. d4 d5 2. Nf3 Nc6 3. e3 Bg4 4. c4 e6 5. Be2 Bb4+ 6. Nc3 Nf6 7. a3 Bxc3+ 8. bxc3 0-0 9. 0-0 Ne4 10. Bd2 Na5 11. cxd5 exd5 12. Ne5 Bxe2 13. Qxe2 Nb3 14. Rfd1 Qe7 15. Ra2 Nbxd2 16. Nf3 Nxf3+ 17. Qxf3 Nxc3 18. Rb2 Nxd1 19. Qxd1 c5 20. dxc5 Rac8 21. Rc2 Rxc5 22. Rxc5 Qxc5 23. h3 Rc8 24. Kh2 f5 25. g4 fxg4 26. Qxg4 Qd6+ 27. f4 Rc2+ 28. Kg3 Qg6 29. Qxg6 hxg6 30. h4 Rc3 31. a4 d4 32. Kg4 Rxe3 33. h5 gxh5+ 34. Kxh5 Rg3 35. Kh4 Rg1 36. Kh3 Kf7 37. Kh2 Rg6 38. Kh3 Kf6 39. Kh4 Kf5 40. Kh5 Rg1 41. Kh4 Kxf4 42. Kh3 a5 43. Kh2 Rg6 44. Kh3 d3 45. Kh4 Rh6# 0-1